Confronting the state : (Record no. 6823)

MARC details
000 -LEADER
fixed length control field 00553cam a2200217ua 4500
001 - CONTROL NUMBER
control field 7707
005 - DATE AND TIME OF LATEST TRANSACTION
control field 20260515114240.0
008 - FIXED-LENGTH DATA ELEMENTS--GENERAL INFORMATION
fixed length control field 150103n ii |||gr||||Z||||||eng
020 ## - INTERNATIONAL STANDARD BOOK NUMBER
International Standard Book Number 9788132107040
040 ## - CATALOGING SOURCE
Transcribing agency MAIN
041 ## - LANGUAGE CODE
Language code of text/sound track or separate title eng
082 ## - DEWEY DECIMAL CLASSIFICATION NUMBER
Classification number 303.625
100 ## - MAIN ENTRY--PERSONAL NAME
Personal name Mahanta, N. G.,
Relator term Author.
245 ## - TITLE STATEMENT
Title Confronting the state :
Remainder of title Ulfa`s quest for sovereignty /
Statement of responsibility, etc. By Noni Gopal Mahanta .
250 ## - EDITION STATEMENT
Edition statement 1st.
260 ## - PUBLICATION, DISTRIBUTION, ETC.
Place of publication, distribution, etc. New Delhi:
Name of publisher, distributor, etc. SAGE,
Date of publication, distribution, etc. 2013.
300 ## - PHYSICAL DESCRIPTION
Extent xxii,348p.
653 ## - INDEX TERM--UNCONTROLLED
Uncontrolled term Social processes
653 ## - INDEX TERM--UNCONTROLLED
Uncontrolled term Terrorism
942 ## - ADDED ENTRY ELEMENTS (KOHA)
Koha item type Books
Holdings
Withdrawn status Lost status Damaged status Not for loan Home library Current library Shelving location Date acquired Total checkouts Full call number Barcode Date last seen Copy number Price effective from Koha item type
        Naharkatiya College Library Naharkatiya College Library General stacks 09/19/2020   303.625 | MAH 21483 09/19/2020 2 09/19/2020 Books
        Naharkatiya College Library Naharkatiya College Library General stacks 09/19/2020   303.625 | MAH 22691 09/19/2020 1 09/19/2020 Books